[Event "DEN-ch Seniors 65"]
[Site "Randers"]
[Date "2015.02.13"]
[Round "7"]
[White "Laursen, Bjorn"]
[Black "Ehlers, Kjeld"]
[Result "1-0"]
[WhiteElo "1802"]
[BlackElo "1538"]
[PlyCount "29"]
[EventDate "2015.02.07"]
[EventType "swiss"]
[EventRounds "7"]
[EventCountry "DEN"]
[SourceTitle "EXT 2016"]
[Source "ChessBase"]
[SourceDate "2015.10.08"]
[SourceVersion "1"]
[SourceVersionDate "2015.10.08"]
[SourceQuality "1"]

1. d4 Nf6 2. Nc3 d5 3. Bg5 e6 4. e4 dxe4 5. Nxe4 Be7 6. Bxf6 Bxf6 7. Nf3 0-0 8. c3 b6 9. Bd3 Bb7 10. Qc2 Nd7 11. h4 g6 12. Neg5 h5 13. Bxg6 Bxf3 14. Bh7+ Kh8 15. Bg8 1-0

[Event "DEN-ch Senior"]
[Site "Skorping"]
[Date "2014.04.21"]
[Round "5"]
[White "Laursen, Bjorn"]
[Black "Markussen, Benno Orvad"]
[Result "1-0"]
[WhiteElo "1721"]
[BlackElo "1648"]
[PlyCount "87"]
[EventDate "2014.04.17"]
[EventType "swiss"]
[EventRounds "5"]
[EventCountry "DEN"]
[SourceTitle "EXT 2023"]
[Source "ChessBase"]
[SourceDate "2022.10.05"]
[SourceVersion "1"]
[SourceVersionDate "2022.10.05"]
[SourceQuality "1"]

1. d4 Nf6 2. Nc3 d5 3. Bg5 e6 4. e4 dxe4 5. Nxe4 Be7 6. Bxf6 Bxf6 7. Nf3 Nd7 8. c3 g6 9. Bd3 c6 10. Qc2 Qe7 11. h4 h6 12. 0-0-0 Bg7 13. g4 Nf6 14. Ne5 Nxe4 15. Bxe4 Bxe5 16. dxe5 Bd7 17. Rd6 Kf8 18. Rhd1 Be8 19. Qb3 Rc8 20. Kb1 Kg7 21. f3 Rc7 22. h5 Bd7 23. Qc2 Bc8 24. hxg6 fxg6 25. Bxg6 Qg5 26. Bh5 Rf8 27. Qd3 Kh8 28. Rd8 Qxd8 29. Qxd8 Rxd8 30. Rxd8+ Kg7 31. Kc2 Bd7 32. Kd2 c5 33. Be8 Bxe8 34. Rxe8 Rd7+ 35. Ke2 Kf7 36. Rc8 b6 37. Ke3 Re7 38. a4 Rb7 39. f4 a6 40. f5 exf5 41. gxf5 b5 42. a5 c4 43. Rc6 Rd7 44. e6+ 1-0